| 000 | 02012nam0a2200397 4500 | ||
|---|---|---|---|
| 001 | RU\NLR\bibl\1232127 | ||
| 005 | 20250615114608.0 | ||
| 010 |
_a978-5-468-00203-2 _94000 |
||
| 021 |
_aRU _b2008-30368 _91678 |
||
| 035 | _a(nilc)IZD\INFRA\2007\039400.03.01 | ||
| 035 | _a(NLR Aleph) 001218388 | ||
| 090 |
_a122529 _c122529 |
||
| 100 | _a20080311d2008 |||y0rusy50 ca | ||
| 101 | 0 | _arus | |
| 102 | _aRU | ||
| 105 | _ay ||||||||| | ||
| 200 | 1 |
_aТрудовое право России _eучебник для студентов высших учебных заведений по специальности "Юриспруденция" _f[Басаргин И.Н., к.ю.н., Галиева Р.Ф., к.ю.н., доц., Головина С.Ю., д.ю.н., проф. и др.] _gпод ред. д.ю.н., проф. С.Ю. Головиной, д.ю.н., проф. М.В. Молодцова |
|
| 210 |
_aМосква _cНОРМА _d2008 |
||
| 215 |
_a703 с. _d22 |
||
| 320 | _aБиблиогр. в подстроч. примеч. | ||
| 606 | 1 |
_aТрудовое право _jУчебники для высших учебных заведений _yРоссийская Федерация _92071166 _3RU\NLR\auth\661245915 |
|
| 686 |
_a00766 _aТрудовое право _2TCC-BG |
||
| 686 |
_a046 _aВысшее образование. Аспирантура. Докторантура _2TCC-BG |
||
| 686 |
_a67.405(2Рос)я73 _vLBC/M _2rubbk |
||
| 686 | _aХ627я73 | ||
| 701 | 1 |
_aБасаргин _bИ. Н. _gИгорь Николаевич _4070 |
|
| 701 | 1 |
_aГалиева _bР. Ф. _gРайхана Фаатовна _4070 |
|
| 701 | 1 |
_aГоловина _bС. Ю. _gСветлана Юрьевна _4070 |
|
| 702 | 1 |
_aГоловина _bС. Ю. _gСветлана Юрьевна _4340 |
|
| 801 | 0 |
_aRU _bЛИБНЕТ _c20080311 |
|
| 801 | 1 |
_aRU _bВладимирская ОУНБ _c20080327 |
|
| 801 | 2 |
_aRU _bNLR _c20080526 _grcr |
|
| 830 | _aавт. по ЭК | ||
| 942 | _cBOOK | ||
| 980 | _aNB | ||